Campeones de la Copa del Rey de Baloncesto - Estadísticas

Estadísticas generales
  • Esta prueba ha sido intentada 26 veces
  • La puntuación promedio es 75 de 90
Estadísticas de respuestas
Temporada Campeón % Correcto
1943 Barcelona
100%
1945 Barcelona
100%
1946 Barcelona
100%
1947 Barcelona
100%
1949 Barcelona
100%
1950 Barcelona
100%
1959 Barcelona
100%
1978 Barcelona
100%
1979 Barcelona
100%
1980 Barcelona
100%
1981 Barcelona
100%
1982 Barcelona
100%
1983 Barcelona
100%
1987 Barcelona
100%
1988 Barcelona
100%
1991 Barcelona
100%
1994 Barcelona
100%
2001 Barcelona
100%
2003 Barcelona
100%
2007 Barcelona
100%
2010 Barcelona
100%
2011 Barcelona
100%
2021 Barcelona
100%
2022 Barcelona
100%
2018 Barcelona Lassa
100%
2019 Barcelona Lassa
100%
2013 Barcelona Regal
100%
1951 Real Madrid
100%
1952 Real Madrid
100%
1954 Real Madrid
100%
1956 Real Madrid
100%
1957 Real Madrid
100%
1960 Real Madrid
100%
1961 Real Madrid
100%
1962 Real Madrid
100%
1965 Real Madrid
100%
1966 Real Madrid
100%
1967 Real Madrid
100%
1970 Real Madrid
100%
1971 Real Madrid
100%
1972 Real Madrid
100%
1973 Real Madrid
100%
1974 Real Madrid
100%
1975 Real Madrid
100%
1977 Real Madrid
100%
1985 Real Madrid
100%
1986 Real Madrid
100%
1989 Real Madrid
100%
1993 Real Madrid
100%
2012 Real Madrid
100%
2014 Real Madrid
100%
2015 Real Madrid
100%
2016 Real Madrid
100%
2017 Real Madrid
100%
2020 Real Madrid
100%
2024 Real Madrid
100%
2026 Kosner Baskonia
92%
1998 Pamesa Valencia
92%
1995 Taugrés Vitoria
92%
1999 TAU Vitoria
92%
2002 TAU Vitoria
92%
2004 TAU Vitoria
92%
2006 TAU Vitoria
92%
2009 TAU Vitoria
92%
2005 Unicaja Málaga
92%
2023 Unicaja Málaga
92%
2025 Unicaja Málaga
92%
1984 CAI Zaragoza
64%
1990 CAI Zaragoza
64%
2008 DKV Joventut
64%
1997 Festina Joventut
64%
1948 Joventut
64%
1953 Joventut
64%
1955 Joventut
64%
1958 Joventut
64%
1969 Joventut
64%
1976 Joventut Schwesppes
64%
2000 Adecco Estudiantes
60%
1963 Estudiantes
60%
1992 Estudiantes Caja Postal
60%
1996 TDK Manresa
60%
1941 Real Deportivo Espanyol de Barcelona
8%
1940 Hospitalet
4%
1942 Layetano
4%
1944 Layetano
4%
1964 Picadero
4%
1968 Picadero
4%
1933 Rayo Madrid
4%
1936 Rayo Madrid
4%
1935 Societé Patrie Barcelona
4%
No se encontraron pruebas coincidentes
Distribución de puntuación
Porcentaje de gente con cada puntuación
Porcentaje por número respondido
Historial de tus puntuaciones
No has intentado esta prueba.